| 000 | 00789cab a2200265 4500 | ||
|---|---|---|---|
| 001 | WB3407-23 | ||
| 008 | 090401t1998 xxu||||| |||| 00| 0 eng d | ||
| 035 | _a(Sirsi) u84332 | ||
| 041 | _aeng | ||
| 245 | _aResidential returns could collapse | ||
| 260 | _c1998 | ||
| 350 | _a0 | ||
| 490 |
_aProperty Week _v61(6) 13 February 1998, 16(1) |
||
| 520 | _aAccording to a model produced by IPD, investors` returns from the residential property market could start to collapse in 1998-99. | ||
| 650 | _aFORECASTS | ||
| 650 | _aFUTURE | ||
| 650 | _aHOUSING INVESTMENT | ||
| 650 | _aINVESTMENT RETURNS | ||
| 650 | _aIPD | ||
| 650 | _aLETTINGS MARKET | ||
| 650 | _aPRIVATE RENTED SECTOR | ||
| 690 | _aPROPERTY-PROPERTY FINANCE AND INVESTMENT | ||
| 942 | _n0 | ||
| 948 | _c19/02/1998 | ||
| 999 |
_c52994 _d52994 |
||